| 000 | 01447cam a22004094i 4500 | ||
|---|---|---|---|
| 003 | PE-LiUPU | ||
| 005 | 20250731172827.0 | ||
| 008 | 150617s r 000 0 d | ||
| 035 | _a(Sirsi) a15148 | ||
| 040 |
_aPE-LiUPU _bspa _cPE-LiUPU _erda |
||
| 049 | _aPRUA | ||
| 082 | 0 | 4 |
_a289.5 _bB167d _223 |
| 100 | 1 |
_aBaker Eddy, Mary, _eautor. |
|
| 245 | 1 | 3 |
_aLa divina ciencia rudimental / _cpor Mary Baker Eddy. |
| 264 | 1 |
_aBoston : _bAlbaceas de mary Baker G. Eddy, _c1932. |
|
| 300 |
_a46 páginas ; _c20 centímetros. |
||
| 336 |
_atext _2rdacontent |
||
| 337 |
_aunmediated _2rdamedia |
||
| 338 |
_avolume _2rdacarrier |
||
| 505 | 0 | _aDefinición de la ciencia Cristiana -- Principio de la ciencia cristiana -- Personalidad de Dios -- Sana la enfermedad y el pecado -- Individuallidad de Dios -- La ciencia material y la Espiritual -- La inexistencia de la materia -- La materialidad intangible -- La base de la curación-mente -- El hombre material, y el espiritual -- Demostración en la curación -- Los medios y los métodos -- Una sola escuela. | |
| 526 | _aSEG42 | ||
| 526 | _aSEG41 | ||
| 526 | _aSEG40 | ||
| 526 | _aSEG39 | ||
| 526 | _aP94 | ||
| 526 | _aP87 | ||
| 526 | _aP86 | ||
| 526 | _aP85 | ||
| 526 | _aP77 | ||
| 526 | _aP76 | ||
| 526 | _aP35 | ||
| 610 | 1 | 4 |
_aCiencia Cristiana _94335 |
| 910 | _ajck | ||
| 942 |
_2ddc _cBK |
||
| 999 |
_c5704 _d5704 |
||
| 980 |
_81 _gALBERTO SANCHEZ Responsable de Automatización |
||